| 000 | 00000nam 2200000za 4500 |
| 001 | 9.676243 |
| 003 | CaOODSP |
| 005 | 20250502140731 |
| 007 | cr ||||||||||| |
| 008 | 150407|2008||||xxc|||||o f|0| 0 tgl d |
| 040 | |aCaOODSP|beng |
| 043 | |an-cn--- |
| 086 | 1 |aNH17-57/2008Tgl-PDF|zNH17-57/2008Tl-PDF |
| 110 | 2 |aCanada Mortgage and Housing Corporation. |
| 245 | 10|aPainting - walls, ceilings and floors |h[electronic resource] |
| 250 | |a[Tagalog edition]. |
| 260 | |aOttawa - Ontario : |bCanada Mortgage and Housing Corporation |cc2008. |
| 300 | |a7p.|bcoloured illus. |
| 546 | |aText in Tagalog. |
| 590 | |a13-03-Supp|b2013-02-11 |
| 775 | 08|tLa peinture - murs, plafonds et planchers |w(CaOODSP)9.641356 |
| 775 | 08|tPainting - walls, ceilings and floors |w(CaOODSP)9.697296 |
| 792 | |tLa peinture - murs, plafonds et planchers |efre|w(CaOODSP)9.676244 |
| 856 | 40|ahttp://publications.gc.ca|qPDF|s241 KB|uhttps://publications.gc.ca/collections/collection_2013/schl-cmhc/NH17-57-2008-tgl.pdf |